Masculinities in politics and war: gendering modern history
Gespeichert in:
| Hauptverfasser: | , , |
|---|---|
| Format: | Buch |
| Sprache: | Englisch |
| Veröffentlicht: |
Manchester
Manchester University Press
2004
|
| Ausgabe: | 1a. ed |
| Schriftenreihe: | Gender in History
|
| Schlagworte: | |
| Tags: |
Tag hinzufügen
Keine Tags, Fügen Sie den ersten Tag hinzu!
|
MARC
| LEADER | 00000cam a2200000 a 4500 | ||
|---|---|---|---|
| 001 | UCC7338 | ||
| 003 | CL-VaPUC | ||
| 008 | 190322e20040000uk |||||||||||||||||eng|d | ||
| 020 | |a 9780719065217 | ||
| 082 | 0 | 4 | |a 305.3109 |b DUD |2 21 |
| 100 | 0 | |a Dudink, Stefan |e author |9 601907 | |
| 700 | 0 | |a Hagemann, Karen |e author |9 601908 | |
| 700 | 0 | |a Tosh, John |e author |9 601909 | |
| 245 | 1 | 0 | |a Masculinities in politics and war: gendering modern history |
| 250 | |a 1a. ed | ||
| 300 | |a 325 p | ||
| 942 | |c BK | ||
| 945 | |d 20190322 14:57:00 |a dcastane | ||
| 260 | |a Manchester |b Manchester University Press |c 2004 | ||
| 650 | 0 | |a Grupos sociales |9 268887 | |
| 650 | 0 | |a Hombres |9 318163 | |
| 650 | 0 | |a Masculinidad |9 412527 | |
| 650 | 0 | |a Género |9 395998 | |
| 583 | |a last modification |c 20190322 14:57:00 |k Rodrigo Vera | ||
| 490 | 0 | |a Gender in History | |
| 999 | |c 374008 |d 374006 | ||
| 952 | |0 0 |1 0 |3 erb |4 0 |6 305_310900000000000_DUD_2004 |7 0 |8 A |9 492357 |a BIBHIS |b BIBHIS |i 5538203 |o 305.3109 DUD 2004 |p 5538203 |r 2025-01-20 |w 2019-11-24 |y BK |z Catalogado en:20190322 |k HIS | ||